Rei da América (Rey de América) - Statistics

General Stats
  • This quiz has been taken 11 times
  • The average score is 28 of 54
Answer Stats
Year Player Nationality Team % Correct
2019 Gabriel Barbosa BRA Flamengo
100%
2013 Ronaldinho BRA Atlético-MG
100%
2023 Germán Cano ARG Fluminense
88%
2024 Luiz Henrique BRA Botafogo
88%
2012 Neymar BRA Santos
88%
2011 Neymar BRA Santos
88%
1973 Pelé BRA Santos
88%
2000 Romário BRA Vasco
88%
2010 Andrés D'Alessandro ARG Internacional
75%
2005 Carlos Tévez ARG Corinthians
75%
2004 Carlos Tévez ARG Boca Juniors
75%
2003 Carlos Tévez ARG Boca Juniors
75%
1980 Diego Maradona ARG Argentinos Juniors
75%
1979 Diego Maradona ARG Argentinos Juniors
75%
2001 Juan Román Riquelme ARG Boca Juniors
75%
2009 Juan Sebastián Verón ARG Estudiantes
75%
2008 Juan Sebastián Verón ARG Estudiantes
75%
2020 Marinho BRA Santos
75%
1998 Martín Palermo ARG Boca Juniors
75%
2016 Miguel Borja COL Atlético Nacional
75%
2022 Pedro BRA Flamengo
75%
1992 Raí BRA São Paulo
75%
1982 Zico BRA Flamengo
75%
1981 Zico BRA Flamengo
75%
1977 Zico BRA Flamengo
75%
2021 Julian Álvarez ARG River Plate
63%
2017 Luan BRA Grêmio
63%
1983 Sócrates BRA Corinthians
63%
1971 Tostão BRA Cruzeiro
63%
1976 Elías Figueroa CHI Internacional
50%
1975 Elías Figueroa CHI Internacional
50%
1974 Elías Figueroa CHI Internacional
50%
2015 Carlos Sánchez ARG River Plate
38%
1993 Carlos Valderrama COL Junior Baranquilla
38%
1987 Carlos Valderrama COL Deportivo Cali
38%
1997 Marcelo Salas CHI River Plate
38%
2006 Matías Fernández CHI Colo-Colo
38%
1989 Bebeto BRA Vasco
25%
1994 Cafu BRA São Paulo
25%
2018 Gonzalo Martínez ARG River Plate
25%
1999 Javier Saviola ARG River Plate
25%
1996 José Luis Chilavert PAR Vélez Sarsfield
25%
1978 Mario Kempes ARG Valencia (ESP)
25%
1985 Romerito PAR Fluminense
25%
2007 Salvador Cabañas PAR América - MEX
25%
1972 Teófilo Cubillas PER Alianza Lima
25%
2014 Teófilo Gutiérrez COL River Plate
13%
1986 Antonio Alzamendi URU River Plate
0%
1995 Enzo Francescoli URU River Plate
0%
1984 Enzo Francescoli URU River Plate
0%
2002 José Cardozo PAR Toluca
0%
1991 Oscar Ruggeri ARG Vélez Sarsfield
0%
1990 Raúl Amarilla PAR Olimpia
0%
1988 Ruben Paz URU Racing Club
0%
No matching quizzes found
Score Distribution
Percent of People with Each Score
Percentile by Number Answered
Your Score History
You have not taken this quiz